00637nam a22001937a 450000500170000001000110001702000100002803500110003803700160004904000120006508200180007710000290009524501290012426000700025327000150032330000200033865000350035865000500039320170124110058.0 a738640 c00.00 a738640 bCen Lib/Ret aDPLbEN a954.0841bMAJ aMajumdar, Amvika Charan  aThe indian national evolution :cby Amvika Charan Majumdar ba study of the origin and growth the indian national congress / aNew Delhi bIndian Institute of Apllied Political Research c1974 bNew Delhi  a366p.c21cm(Hb) aIndian National Congress.  aIndia -- Politics and government -- 1765-1947